| 000 | 00000nas##2200000za#4500 |
| 001 | 9.508456 |
| 003 | CaOODSP |
| 005 | 20210929082751 |
| 007 | ta |
| 008 | 150406c1997||||xxc|| p #||||f| |0eng|d |
| 022 | |a1206-7210 |
| 040 | |aCaOODSP|beng |
| 041 | |aeng |
| 041 | |afre |
| 043 | |an-cn--- |
| 086 | 1 |aFo12-34 |
| 110 | 1 |aCanada. |bNatural Resources Canada. |bCanadian Forest Service. |
| 245 | 10|aNetwork news : |bforest health & biodiversity / |cIssued by the Atlantic Forestry Centre for the Forest Biodiversity and Forest Health Networks. |
| 260 | |aFredericton - Connecticut : |bNatural Resources Canada. |
| 310 | |aIrregular |
| 362 | 1 |aVol. 1, No. 1, Spring 1997--Vol. 5, No. 1, Winter 2001 |
| 500 | |aContinued by "Forest health & biodiversity news", from Vol. 5, N° 2, Fall 2001. |
| 520 | 3 |aThis newsletter, published one to two times a year, contains articles on issues that affect the health and biodiversity of Canada’s forests. Topic areas include domestic and exotic insect infestations, forestry practices, and climate change, with a focus on the Canadian Forest Service’s work in this area. |
| 563 | |aSoftcover |
| 776 | 0#|tInfo-réseaux |w(CaOODSP)9.501339 |
| 776 | 0#|tNetwork news |w(CaOODSP)9.504940 |
| 780 | 00|tForest health & biodiversity news / |w(CaOODSP)9.511154 |
| 792 | |tInfo-réseaux : |efre|w(CaOODSP)9.508457 |